Online
Catalog

!Cuenta conmigo! : (Record no. 54962)

MARC details
000 -CABECERA
campo de control de longitud fija 01181nam a2200289 i 4500
003 - IDENTIFICADOR DEL NÚMERO DE CONTROL
campo de control DO-SdBNP
005 - FECHA Y HORA DE LA ÚLTIMA TRANSACCIÓN
campo de control 20250129132339.0
007 - CAMPO FIJO DE DESCRIPCIÓN FÍSICA--INFORMACIÓN GENERAL
campo de control de longitud fija ta
008 - DATOS DE LONGITUD FIJA--INFORMACIÓN GENERAL
campo de control de longitud fija 230927e19991995dr abc|| |||| 00| m spa d
040 ## - FUENTE DE LA CATALOGACIÓN
Centro catalogador/agencia de origen DO-SdBNP
Lengua de catalogación spa
Centro/agencia transcriptor BNPHU
Normas de descripción rda
082 #4 - NÚMERO DE LA CLASIFICACIÓN DECIMAL DEWEY
Número de clasificación 460.071
Número de documento/Ítem M777g
Número de edición 22
100 1# - ENTRADA PRINCIPAL--NOMBRE DE PERSONA
Nombre de persona Montenegro, Liliana,
9 (RLIN) 73770
Término indicativo de función/relación autor
245 10 - MENCIÓN DE TÍTULO
Título !Cuenta conmigo! :
Resto del título español 7 guía didáctica /
Mención de responsabilidad, etc. Liliana Montenegro, Ana M. Haché de Yunén ; ilustrador, Marta de Olloqui ; fotografías, Domingo Batista
246 13 - FORMA VARIANTE DE TÍTULO
Título propio/Titulo breve Español 7°:
Resto del título güía didáctica
264 #1 - PRODUCCIÓN, PUBLICACIÓN, DISTRIBUCIÓN, FABRICACIÓN Y COPYRIGHT
Producción, publicación, distribución, fabricación y copyright Santo Domingo :
Nombre del de productor, editor, distribuidor, fabricante PUCMM-EDUCA/PIPE,
Fecha de producción, publicación, distribución, fabricación o copyright [190?].
300 ## - DESCRIPCIÓN FÍSICA
Extensión 118 páginas :
Otras características físicas Ilustraciones, mapas, retratos ;
Dimensiones 26 cm.
336 ## - TIPO DE CONTENIDO
Término de tipo de contenido texto
Código de tipo de contenido txt
Fuente rdacontent
337 ## - TIPO DE MEDIO
Nombre/término del tipo de medio sin mediación
Código del tipo de medio n
Fuente rdamedia
338 ## - TIPO DE SOPORTE
Nombre/término del tipo de soporte volumen
Código del tipo de soporte nc
Fuente rdacarrier
500 ## - NOTA GENERAL
Nota general Incluye glosario página 118
590 ## - NOTA LOCAL (RLIN)
Nota local Inventariado 2023 / MF
700 1# - PUNTO DE ACCESO ADICIONAL--NOMBRE DE PERSONA
Nombre de persona Haché de Yunén, Ana M.,
Término indicativo de función/relación autor
Código de función/relación aut.
9 (RLIN) 84280
700 1# - PUNTO DE ACCESO ADICIONAL--NOMBRE DE PERSONA
Nombre de persona Olloqui, Marta de,
Término indicativo de función/relación ilustrador
Código de función/relación il.
9 (RLIN) 83687
700 1# - PUNTO DE ACCESO ADICIONAL--NOMBRE DE PERSONA
Nombre de persona Batista, Domingo,
Fechas asociadas al nombre 1946-
Término indicativo de función/relación fotógrafo
Código de función/relación fot
9 (RLIN) 43004
710 ## - PUNTO DE ACCESO ADICIONAL--NOMBRE DE ENTIDAD CORPORATIVA
Nombre de entidad corporativa o nombre de jurisdicción como elemento de entrada República Dominicana
Unidad subordinada Secretaría de Estado de Educación, Bellas Artes y Cultos
9 (RLIN) 57502
942 ## - ELEMENTOS DE PUNTO DE ACCESO ADICIONAL (KOHA)
Fuente del sistema de clasificación o colocación Dewey Decimal Classification
Tipo de ítem Koha Libro
Holdings
Estado de retiro Estado de pérdida Fuente del sistema de clasificación o colocación Restricciones de uso No para préstamo Código de colección Localización permanente Ubicación/localización actual Ubicación en estantería Fecha de adquisición Fuente de adquisición Total de préstamos Signatura topográfica completa Código de barras Fecha visto por última vez Precio válido a partir de Tipo de ítem Koha Nota pública
    Dewey Decimal Classification Excluido de préstamo   Patrimonio Dominicano Biblioteca Nacional Pedro Henríquez Ureña Biblioteca Nacional Pedro Henríquez Ureña En catalogación 27.10.2014 Donación   BNPHU PD 460.071 M777g 2023-6460 27.09.2023 27.09.2023 Libro Perteneció a la biblioteca personal de Bárbara Suncar.

Powered by Koha